00510nam a22001691a 45000010005000000030004000050050017000090080041000260500021000670820021000881100043001092450060001522640050002123000009002626500031002717000038003023947OSt20260204211910.0050511s1994||||dr ||||||b||||||||||spa|| aRD 635.646 F963c aRD 635.646 F963c aFundación de Desarrollo Agropecuario aCultivo de berenjena / Texto José Pablo Morales Payan aSanto Domingo : Centro de Informción F.D.A. a38 p a1.Berenjena - Horticultura aGónzales Payan, José PabloÌ